00429nam a2200097Ia 4500008004100000100002200041245010500063260006400168650001500232856008400247160712s9999 xx 000 0 und d aIck, Judy Celine. cJudy Celine IckaUnknown Accents, Unborn States The Renegade Shakespeares of Colonial Southeast Asia c2015bJournal of English Studies and Comparative Literature xLITERATURE uhttp://journals.upd.edu.ph/index.php/jescl/issue/view/Special%20Edition/showToc